Sbírka fonografů Národního technického muzea /

Hlavní autor: Hosťák, Jan, 1990-
Korporativní autor: Národní technické muzeum (Praha, Česko)
Jazyk: Čeština
Vydáno: Praha : Národní technické muzeum, 2018
Vydání: Vydání první
Témata:
Fyzický popis: 179 stran : ilustrace (převážně barevné), portréty, faksimile ; 25 cm
Language note: Anglické resumé
Knihy
Uloženo v:
LEADER 02206nam a2200613 i 4500
001 nkc20193081628
003 CZ PrNK
005 20190322125213.0
007 ta
008 190308s2018 xr ach f 000 0 cze
015 |a cnb003081628 
020 |a 978-80-7037-304-0  |q (brožováno) 
035 |a (OCoLC)1096295747 
040 |a BOA001  |b cze  |e rda 
041 0 |a cze  |b eng 
043 |a e-xr---  |b e-xr-pg  |2 czenas 
072 7 |a 681  |x Přesná mechanika a přístroje  |2 Konspekt  |9 19 
080 |a 069:62  |2 MRF 
080 |a 681.843  |2 MRF 
080 |a 069.5  |2 MRF 
080 |a (437.311)  |2 MRF 
080 |a (048.8)  |2 MRF 
080 |a (084.12)  |2 MRF 
100 1 |a Hosťák, Jan,  |d 1990-  |7 mzk2014838677  |4 aut 
245 1 0 |a Sbírka fonografů Národního technického muzea /  |c Jan Hošťák 
250 |a Vydání první 
264 1 |a Praha :  |b Národní technické muzeum,  |c 2018 
300 |a 179 stran :  |b ilustrace (převážně barevné), portréty, faksimile ;  |c 25 cm 
336 |a text  |b txt  |2 rdacontent 
336 |a statický obraz  |b sti  |2 rdacontent 
337 |a bez média  |b n  |2 rdamedia 
338 |a svazek  |b nc  |2 rdacarrier 
500 |a 300 výtisků 
504 |a Obsahuje bibliografii a bibliografické odkazy 
546 |a Anglické resumé 
610 2 7 |a Národní technické muzeum (Praha, Česko)  |7 kn20010709076  |2 czenas 
650 0 7 |a technická muzea  |7 ph116406  |z Česko  |2 czenas 
650 0 7 |a fonografy  |7 ph139231  |2 czenas 
650 0 7 |a muzejní sbírky  |7 ph137908  |z Česko  |2 czenas 
650 0 9 |a technical museums  |z Czechia  |2 eczenas 
650 0 9 |a phonographs  |2 eczenas 
650 0 9 |a museum collections  |z Czechia  |2 eczenas 
651 7 |a Praha (Česko)  |7 ge118011  |2 czenas 
651 9 |a Prague (Czechia)  |2 eczenas 
655 7 |a monografie  |7 fd132842  |2 czenas 
655 7 |a fotografické publikace  |7 fd132276  |2 czenas 
655 9 |a monographs  |2 eczenas 
655 9 |a photographical works  |2 eczenas 
710 2 |a Národní technické muzeum (Praha, Česko)  |7 kn20010709076  |4 col  |4 isb 
910 2 |a BOA001  |b 2-1425.057 
990 |a BK 
995 |a 01 
991 |b 201903  |c NOV 
996 6 |b 2610773888  |c 2-1425.057  |l MZK  |r Sklad / do 1 hodiny  |n 0  |p p.v.  |w 001712366  |u 000010  |a 1  |e BOA001  |j MZK50  |s P